00302nam a2200109Ia 45000010005000000080041000050200022000460820024000681000025000922450034001172600041001513394241024s9999 xx 000 0 und d a978-9945-00-913-2 aRD/972.93054/AC185r aEliades Acosta Matos 0a1963: Revolución Inconclusa bArchivo General de la Naciónc2013